000 00483nam a2200205Ia 4500
003 OSt
005 20230327095656.0
008 210423s2007 xx 000 0 und d
020 _a41538241
040 _cAL
041 _aeng
082 _a701.17 COLC
100 _aCOLEBROOK (Claire).
_978076
245 _aGilles Deleuze.
260 _aNew Delhi
_bRegal Publications
_c2007
300 _ax,170
_bPB
365 _b220
_cINR
906 _aDeleuze. ; Gilles
942 _2ddc
_cBK
999 _c156032
_d156032